000 00658nam a22002297a 4500
001 BR7404845
003 BR-BrBNA
005 20230928084605.0
007 ta
008 230509b bl.||||| |||| 00| 0 por d
040 _aBR-BrBNA
_bpor
_cBiblioteca Nacional de Agricultura
041 _a(Por)
072 _aS00; R00
090 _ S00 BR7404845
110 1 _aAssociacao de Credito e Assistencia Rural do Estado do Para, Belem (Brasil)
_9493
245 1 _aAlimentacao do bebe [Economia domestica; Dieta]
260 3 _aBelem, PA (Brasil):
_c1974.
300 _a20 p.
650 _aNUTRICAO HUMANA
909 _a202309
_bLucia
_c55
_dLucia Elande
942 _cBK
999 _c19951
_d19951